000 00530cam a2200145 4500500
005 20260329015405.0
041 _afre
042 _adc
100 1 0 _aGuidon-Le Brun, Maryvonne
_eauthor
245 0 0 _aSDS of a product received: request it or justify its absence
260 _c2026.
500 _a52
786 0 _nChemical risk prevention manager | - | 2026-03-11 | p. 14-14
856 4 1 _uhttps://stm.cairn.info/chemical-risk-management-health-and-safety-at-work--bdti22743210-fic0610-page-14?lang=en&redirect-ssocas=7080
999 _c1897440
_d1897440